000 01022cam a2200325 a 4500
001 2287
003 FISKH
005 20250404101736.0
008 961009s1997 mnua j 000 0 eng
010 _a 96047405
020 _a1575420112
020 _a9781575420110
040 _aDLC
_cDLC
_dDLC
_beng
050 0 0 _aLB1048
_b.R59 1997
082 0 0 _a371.3/028/1
_221
100 1 _aRomain, Trevor.
245 1 0 _aHow to do homework without throwing up /
_cwritten and illustrated by Trevor Romain ; edited by Elizabeth Verdick.
260 _aMinneapolis :
_bFree Spirit,
_c1997.
300 _a67 pages :
_billustrations ;
_c18 cm
490 _aLaugh and learn
505 _aR
520 _aDiscusses a variety of simple techniques for getting homework done.
521 8 _a760
_bLexile
521 8 _aR
_bRaz-Plus
650 0 _aHomework
_xJuvenile literature.
650 1 _aHomework.
700 1 _aVerdick, Elizabeth
_eEditor
906 _a7
_bcbc
_corignew
_d1
_eocip
_f19
_gy-gencatlg
942 _2ddc
_cBK
_n0
999 _c2287
_d2287